| 000 | 00608nam a2200205Ia 4500 | ||
|---|---|---|---|
| 005 | 20260429112045.0 | ||
| 008 | 260429s9999||||xx |||||||||||||| ||und|| | ||
| 020 | _a9789369672585 | ||
| 041 | _aEnglish | ||
| 082 |
_a615.538 _bPRA |
||
| 100 | _aPrasad , Suresh | ||
| 245 | 0 |
_aPractical guide to your physical and emotional health based on ayurvedic and yogic wisdom / _cSuresh Prasad |
|
| 250 | _a1st ed. | ||
| 260 |
_aNew Delhi : _bScientific Books International, _c2026. |
||
| 300 | _a294 p.; hb | ||
| 650 | _a Health and wellness | ||
| 650 | _a Yoga therapy | ||
| 650 | _aAyurveda | ||
| 942 | _cTB | ||
| 999 |
_c52126 _d52126 |
||